000 00681nam a2200289Ia 4500
005 20260324134828.0
008 008 260324s9999 xx 000 0 eng d
020 _a9781315190440
037 _aEBOOK
040 _aCRL
040 _beng
040 _cCRL
041 _2eng
041 _aeng
084 _qCRL
100 _aGerard O'Daly
_91198319
245 0 _aPlatonism Pagan and Christian
245 0 _bStudies in Plotinus and Augustine
260 _bTaylor and Francis
260 _c2001
365 _a
365 _b230
856 _uhttp://www.taylorfrancis.com/books/9781315190440
942 _cEBOOK
999 _c1798769
_d1798769